| 000 | 00719nam a2200277Ia 4500 | ||
|---|---|---|---|
| 001 | 14277 | ||
| 005 | 20240113235527.0 | ||
| 007 | ta | ||
| 008 | 051121s1985 a g b000 u 465 u | ||
| 020 | _cHB | ||
| 040 | _aCotton College Assam | ||
| 041 | _a465 | ||
| 082 |
_a512 _bCh 349 El |
||
| 100 | _aChakrabarty , S.K.. | ||
| 245 | 0 |
_aElements of Modern Algebra / _cS.K.Chakrabarty & T.Sircar. _hTextual Documents |
|
| 250 | _a1st ed. / | ||
| 260 |
_aGuwahati : _bOrient Book Co. , _c1985. |
||
| 300 |
_a88p. : _bill ; _c22cm . |
||
| 653 | _aAlgebra | ||
| 653 | _aModern Algebra | ||
| 653 | _aG-Mathematics | ||
| 700 | _aSircar, T.. | ||
| 942 |
_2ddc _cBK |
||
| 999 |
_c14263 _d14263 |
||